[Event "Biel ATO op 54th"]
[Site "Biel"]
[Date "2021.07.30"]
[Round "5"]
[White "Musaelyan, Arshavir"]
[Black "Pheng, Wissam"]
[Result "0-1"]
[WhiteElo "1922"]
[BlackElo "1739"]
[PlyCount "62"]
[EventDate "2021.07.26"]
[EventType "swiss"]
[EventRounds "9"]
[EventCountry "SUI"]
[SourceTitle "EXT 2022"]
[Source "ChessBase"]
[SourceDate "2021.10.06"]
[SourceVersion "1"]
[SourceVersionDate "2021.10.06"]
[SourceQuality "1"]

1. d4 f5 2. Nf3 g6 3. g3 Bg7 4. Bg2 Nf6 5. 0-0 0-0 6. b3 d6 7. Bb2 Qe8 8. c4 Nfd7 9. Ng5 Nf6 10. f4 h6 11. Nf3 Ne4 12. Nbd2 c6 13. Qc2 d5 14. Ne5 Nd7 15. Ndf3 Nxe5 16. Nxe5 Be6 17. a4 Rc8 18. c5 g5 19. e3 Bf6 20. b4 h5 21. Qe2 g4 22. b5 h4 23. Bxe4 dxe4 24. bxc6 bxc6 25. Qa6 Qh5 26. Nxc6 hxg3 27. Nxe7+ Kf7 28. hxg3 Rh8 29. Kf2 Qh2+ 30. Ke1 Qxb2 31. Nxc8 Qxa1+ 0-1

[Event "Biel ATO op 54th"]
[Site "Biel"]
[Date "2021.07.26"]
[Round "1"]
[White "Musaelyan, Arshavir"]
[Black "Gonzalez Arencibia, Walter"]
[Result "1-0"]
[WhiteElo "1922"]
[BlackElo "2201"]
[PlyCount "20"]
[EventDate "2021.07.26"]
[EventType "swiss"]
[EventRounds "9"]
[EventCountry "SUI"]
[SourceTitle "EXT 2022"]
[Source "ChessBase"]
[SourceDate "2021.10.06"]
[SourceVersion "1"]
[SourceVersionDate "2021.10.06"]
[SourceQuality "1"]

1. d4 d5 2. Nf3 e6 3. g3 Nf6 4. Bg2 Be7 5. 0-0 0-0 6. c4 dxc4 7. Qc2 c6 8. Qxc4 Nbd7 9. Rd1 Nb6 10. Qc2 Qc7 1-0

[Event "Basel op"]
[Site "Basel"]
[Date "2016.01.02"]
[Round "3"]
[White "Jud, Marc"]
[Black "Musaelyan, Arshavir"]
[Result "1/2-1/2"]
[WhiteElo "2073"]
[BlackElo "2025"]
[PlyCount "42"]
[EventDate "2016.01.01"]
[EventType "swiss"]
[EventRounds "7"]
[EventCountry "SUI"]
[SourceTitle "CBM 170 Extra"]
[Source "ChessBase"]
[SourceDate "2016.02.25"]
[SourceVersion "1"]
[SourceVersionDate "2016.02.25"]
[SourceQuality "1"]

1. d4 e6 2. Nf3 b6 3. g3 Bb7 4. Bg2 f5 5. e3 Nf6 6. 0-0 Bd6 7. c4 0-0 8. Nc3 Qe8 9. Nb5 Qh5 10. Nxd6 cxd6 11. Nh4 Qxd1 12. Rxd1 Bxg2 13. Kxg2 d5 14. cxd5 Nxd5 15. Bd2 Nc6 16. Nf3 Nf6 17. Rac1 Rac8 18. Rc2 Ne4 19. Be1 Ne7 20. Rdc1 Rxc2 21. Rxc2 Rc8 1/2-1/2

[Event "Belp op"]
[Site "Belp"]
[Date "2015.05.23"]
[Round "1"]
[White "Musaelyan, Arshavir"]
[Black "Fleury, Joel"]
[Result "1/2-1/2"]
[WhiteElo "1970"]
[BlackElo "1586"]
[PlyCount "59"]
[EventDate "2015.05.23"]
[EventType "swiss"]
[EventRounds "5"]
[EventCountry "SUI"]
[SourceTitle "EXT 2016"]
[Source "ChessBase"]
[SourceDate "2015.10.08"]
[SourceVersion "1"]
[SourceVersionDate "2015.10.08"]
[SourceQuality "1"]

1. d4 Nf6 2. c4 c5 3. d5 e5 4. Nc3 d6 5. e4 Be7 6. Bd3 0-0 7. Nge2 Ne8 8. 0-0 g6 9. f4 exf4 10. Bxf4 Ng7 11. Ng3 Nd7 12. Qc2 Ne5 13. Bxe5 dxe5 14. Be2 f5 15. exf5 Nxf5 16. Nxf5 Bxf5 17. Bd3 Qd7 18. Rae1 Bd6 19. Ne4 Bxe4 20. Bxe4 Rxf1+ 21. Rxf1 Rf8 22. Bf3 Qd8 23. Qe2 Rf4 24. g3 Rf6 25. Bg4 Rxf1+ 26. Qxf1 Kg7 27. Be6 Qf6 28. Qxf6+ Kxf6 29. Kf2 b6 30. h4 1/2-1/2

[Event "Belp op"]
[Site "Belp"]
[Date "2015.05.23"]
[Round "2"]
[White "Neu, Alexandre"]
[Black "Musaelyan, Arshavir"]
[Result "0-1"]
[WhiteElo "1778"]
[BlackElo "1970"]
[PlyCount "90"]
[EventDate "2015.05.23"]
[EventType "swiss"]
[EventRounds "5"]
[EventCountry "SUI"]
[SourceTitle "EXT 2016"]
[Source "ChessBase"]
[SourceDate "2015.10.08"]
[SourceVersion "1"]
[SourceVersionDate "2015.10.08"]
[SourceQuality "1"]

1. e4 b6 2. d4 e6 3. Bd3 Bb7 4. c4 f5 5. exf5 Bb4+ 6. Nc3 Bxg2 7. Qh5+ Kf8 8. Bg5 Bxc3+ 9. bxc3 Qe8 10. Qh4 Bxh1 11. Kd2 Qf7 12. fxe6 dxe6 13. Ne2 Bc6 14. Re1 Bd7 15. Qe4 c6 16. Qe5 Nf6 17. Qc7 Be8 18. Qg3 Na6 19. Ng1 Rd8 20. Nf3 Qe7 21. Ne5 c5 22. d5 exd5 23. Ng6+ Bxg6 24. Rxe7 Kxe7 25. Qe5+ Kf7 26. Bxg6+ hxg6 27. f3 Rhe8 28. Qf4 Re6 29. cxd5 Rxd5+ 30. Kc2 Rf5 31. Qc4 Rxg5 32. Qxa6 Re7 33. Qc4+ Nd5 34. h4 Kf8 35. Kb3 Rge5 36. Qg4 R5e6 37. Qg5 Re5 38. Qxg6 b5 39. Qd6 c4+ 40. Ka3 Nxc3 41. Qb8+ Kf7 42. f4 Re2 43. Qc8 a5 44. Qf5+ Kg8 45. Qc8+ Re8 0-1

[Event "Zuerich op-B 38th"]
[Site "Zuerich"]
[Date "2014.12.28"]
[Round "4"]
[White "Musaelyan, Arshavir"]
[Black "Weidt, Frank"]
[Result "1-0"]
[WhiteElo "1891"]
[BlackElo "1969"]
[PlyCount "69"]
[EventDate "2014.12.26"]
[EventType "swiss"]
[EventRounds "7"]
[EventCountry "SUI"]
[SourceTitle "CBM 164 Extra"]
[Source "ChessBase"]
[SourceDate "2015.03.02"]
[SourceVersion "1"]
[SourceVersionDate "2015.03.02"]
[SourceQuality "1"]

1. d4 Nf6 2. c4 e6 3. Nc3 Bb4 4. Qc2 d5 5. a3 Be7 6. cxd5 exd5 7. Bf4 c6 8. e3 Nh5 9. Be5 Nd7 10. Nxd5 Nxe5 11. Nxe7 Qxe7 12. dxe5 Qxe5 13. Nf3 Qe7 14. Be2 Nf6 15. 0-0 Bg4 16. h3 Bh5 17. Rfd1 0-0 18. Rd4 Rad8 19. Rad1 Rxd4 20. Rxd4 Rd8 21. Qd2 Rxd4 22. Qxd4 a6 23. Qa7 Kf8 24. Qb8+ Ne8 25. Qf4 Qc7 26. Qd4 h6 27. Qc5+ Qd6 28. Qxh5 Nf6 29. Qf5 g6 30. Qc8+ Kg7 31. Qxb7 Ne4 32. Nd4 Qf6 33. Bf3 Ng5 34. Qxc6 Nxh3+ 35. gxh3 1-0